=LDR 00000nam 2200000 4500 =001 INLIS000000000015923 =005 20200812080221 =035 ##$$a 0010-061300000015923 =008 200812################g##########0#ind## =041 ##$$a Ind =082 ##$$a 2x9.8 =090 ##$$a 2x9.8, Kha s =100 1#$$a Khalid, Khalid Muh =245 1#$$a Sebaik-baik pemikul Al-Qur'an, (salim maula Abu Hudzaifah), /$c Khalid bin Khalid ; alih bahasa Mahyuddin Syaff dkk =250 ##$$a Serial Karateristik perihidup 60 sahabat Rasulullah (Seri 8) =260 ##$$a Bandung :$b Cv. Diponegoro,$c 1994 =300 ##$$a 88 hlm., ; $c 11 x 17 cm =650 #4$$a Biografi tokoh -tokoh Islam =700 #$$a alih bahasa Syaff, Mahyuddin =850 ##$$a NBPNMAT =084 ##$$a 2x9.8 KHA s =990 ##$$a 141.184/pro99 =990 ##$$a 141.185/pro99 =990 ##$$a 141.187/pro99